Personalistika a krize

Kríza má dopad na personalistiku, ale platí to aj opačne, personalistika sa v istej miere podieľala na kríze. Signály blížiacej sa krízy boli zjavné. Rast významu kreativity a talentov. Postavenie technológií v personalistike. Pokrok organizačnej práce v personalistike.

Saved in:
Bibliographic Details
Main Author: Jirásek, Jaroslav A.
Format: Book Chapter
Language:Czech
Subjects:
Tags: Add Tag
No Tags, Be the first to tag this record!

MARC

LEADER 00000naa a2200000 4500
001 0118623
005 20231019115220.4
041 0 |a cze 
044 |a CZ 
245 1 0 |a Personalistika a krize  |c Jaroslav A. Jirásek 
520 |a Kríza má dopad na personalistiku, ale platí to aj opačne, personalistika sa v istej miere podieľala na kríze. Signály blížiacej sa krízy boli zjavné. Rast významu kreativity a talentov. Postavenie technológií v personalistike. Pokrok organizačnej práce v personalistike. 
610 2 0 |a kríza hospodárska 
610 2 0 |a personalistika 
610 2 0 |a talenty 
610 2 0 |a technológie informačné 
610 2 0 |a globalizácia 
100 1 |a Jirásek, Jaroslav A.